000
00309nam a2200121Ia 4500
008
220120s9999||||xx |||||||||||||| ||und||
082
_a
004.6 LAM
100
_a
Lammle, Todd
245
0
_a
MCSE test success and networking
260
_a
BPB publication
_c
1998
300
_b
0
650
_a
SIGNAL PROCESSING
_9
719
999
_c
136952
_d
136952